000
00273nam a22001217a 4500
082
_a
620.1054 MER
100
_a
MERIAM, J. L
_9
13089
245
_a
MECHANICS DYNAMICS
260
_a
NEW YORK
_b
JOHN WILEY
_c
1957
300
_a
665P
650
_a
MECHANICS
_9
10681
942
_c
BK
999
_c
569648
_d
569648